000 01027 a2200205 4500
003 UA-OsUOA
005 20260402155503.0
008 260326b un ||||| |||| 00| 0 ukr d
040 _aUA-OsUOA
_bukr
_cUA-OsUOA
_dUA-OsUOA
041 _aukr
080 _a82-94
090 _a82-94
_bН73
245 _aНовий Літопис
_bквартальник суспільного життя, науки й мистецтва
_nЧ. 4 (9), Рік ІІІ, Жовтень – грудень
260 _c1963
_aВінніпег
_bВидавниче Т-во "Новий Літопис"
300 _a80 с.
650 _2UDC
_a82-94 Історія як літературний жанр. Історичні твори. Історіографія. Хроніки. Аннали, літописи. Мемуари. Спогади. Щоденники. Біографії. Автобіографії
_92061
942 _cBK
_2udc
955 _a0
999 _c580235
_d580235